Currents in biochemical research /

Bibliographic Details
Main Author: Green, David E. (David Ezra), 1910-1983
Format: Book
Language:English
Published: New York : Interscience publishers, inc., 1946.
Subjects:

MARC

Tag First Indicator Second Indicator Subfields
LEADER 00000cam a2200000 4500
001 in00000049536
005 20151007071753.0
008 741218s1946 nyua b 00010 eng u
010 |a  46005550  
035 |a (OCoLC)01114922 
035 |9 AAE6611AM 
040 |c NED  |d TXA  |d UtOrBLW 
049 |a TXAM [Also in] [Med Sci]  |c 1 [135847] 
050 0 |a QH324  |b .G7 
082 0 |a 574.19072 
092 |a 574.19072  |b G795c 
100 1 |a Green, David E.  |q (David Ezra),  |d 1910-1983. 
245 1 0 |a Currents in biochemical research /  |c edited by David E. Green. Thirty-one essays charting the present course of biochemical research and considering the intimate relationship of biochemistry to medicine, agriculture and social problems. 
264 1 |a New York :  |b Interscience publishers, inc.,  |c 1946. 
300 |a viii, 486 pages :  |b illustrations, diagrams ;  |c 24 cm. 
336 |a text  |b txt  |2 rdacontent 
337 |a unmediated  |b n  |2 rdamedia 
338 |a volume  |b nc  |2 rdacarrier 
500 |a Bibliography at end of each essay except two. 
650 0 |a Biochemistry  |x Research. 
999 |a MARS 
999 f f |s bcb89a86-83a2-371b-a6c7-1a4fa1857f7e  |i feccccd1-600a-32a3-99cb-2d4bd0ee80a1  |t 0 
952 f f |p ric  |a Texas A&M University  |b Rellis Campus  |c Joint Library Facility  |d Remote Storage  |t 0  |e QH324 .G7  |h Library of Congress classification  |i unmediated -- volume  |m A14800973527 
998 f f |a QH324 .G7  |t 0  |l Remote Storage